000 00696nam a2200277Ia 4500
001 Z_1592
003 CHAP
008 220113s1992 xx 000 0 und d
010 _a164679
040 _cCHAP
090 _aFolleto 291
100 _aMjelde, James W
_976285
245 _aExotic ungulate production : summary of survey results /
_cby James W. Mjelde... [and others]
260 _aCollege Station, Texas :
_bThe Texas Agricultural Experiment Station,
_c1992
300 _a42 p
440 _a
500 _a
503 _a
650 _aUngulados I. t.
_9138731
901 _aFolleto 291
902 _aA
910 _a1992
942 _cc14
942 _cc14
999 _c164679
_d164679